| Tag |
First Indicator |
Second Indicator |
Subfields |
| LEADER |
00000cam a2200000 i 4500 |
| 001 |
in00005760821 |
| 005 |
20260407210843.9 |
| 006 |
m o d |
| 007 |
cr mn||||||||| |
| 008 |
160920t20172017ne ob 001 0 eng d |
| 019 |
|
|
|a 958650845
|a 1105187484
|a 1105565752
|a 1229761888
|
| 020 |
|
|
|a 9780323443982
|q (electronic bk.)
|
| 020 |
|
|
|a 0323443982
|q (electronic bk.)
|
| 020 |
|
|
|z 9780323443531
|
| 020 |
|
|
|z 0323443532
|
| 035 |
|
|
|a (OCoLC)958864442
|z (OCoLC)958650845
|z (OCoLC)1105187484
|z (OCoLC)1105565752
|z (OCoLC)1229761888
|
| 040 |
|
|
|a YDX
|b eng
|e rda
|e pn
|c YDX
|d N$T
|d EBLCP
|d OPELS
|d IDEBK
|d OCLCQ
|d N$T
|d OCLCF
|d OCLCQ
|d OSU
|d DEBSZ
|d KNOVL
|d STF
|d ERL
|d OCLCQ
|d U3W
|d CEF
|d OCLCQ
|d LQU
|d OCLCQ
|d S2H
|d OCLCO
|d LVT
|d OCLCO
|d OCLCQ
|d OCLCO
|d OCLCL
|d SXB
|d OCLCQ
|d OCLCL
|d OCLCQ
|
| 049 |
|
|
|a TXAM
|
| 050 |
|
4 |
|a TA455.P58
|
| 072 |
|
7 |
|a TEC
|x 009000
|2 bisacsh
|
| 072 |
|
7 |
|a TEC
|x 035000
|2 bisacsh
|
| 082 |
0 |
4 |
|a 620.1/92
|2 23
|
| 245 |
0 |
0 |
|a Modification of polymer properties /
|c edited by Carlos F. Jasso-Gastinel, José M. Kenny.
|
| 264 |
|
1 |
|a Oxford :
|b William Andrew,
|c [2017]
|
| 264 |
|
4 |
|c ©2017
|
| 300 |
|
|
|a 1 online resource (xv, 215 pages)
|
| 336 |
|
|
|a text
|b txt
|2 rdacontent
|
| 337 |
|
|
|a computer
|b c
|2 rdamedia
|
| 338 |
|
|
|a online resource
|b cr
|2 rdacarrier
|
| 490 |
1 |
|
|a Plastics design library
|
| 504 |
|
|
|a Includes bibliographical references and index.
|
| 505 |
0 |
|
|a Introduction: modifiable characteristics and applications -- Filled polymer composites -- Nanofillers in polymers -- Additives in polymers -- Surface modification of polymers: chemical, physical, and biological routes -- Smart polymers -- Blends and alloys -- Gradients in homopolymers, blends, and copolymers.
|
| 588 |
0 |
|
|a Print version record.
|
| 650 |
|
0 |
|a Polymers.
|
| 650 |
|
2 |
|a Polymers
|
| 650 |
|
6 |
|a Polymères.
|
| 650 |
|
7 |
|a polymers.
|2 aat
|
| 650 |
|
7 |
|a TECHNOLOGY & ENGINEERING
|x Engineering (General)
|2 bisacsh
|
| 650 |
|
7 |
|a TECHNOLOGY & ENGINEERING
|x Reference.
|2 bisacsh
|
| 650 |
|
7 |
|a Polymers
|2 fast
|
| 655 |
|
7 |
|a Electronic books.
|2 local
|
| 700 |
1 |
|
|a Jasso-Gastinel, Carlos F.,
|e editor.
|
| 700 |
1 |
|
|a Kenny, José M.,
|e editor.
|
| 710 |
2 |
|
|a ScienceDirect (Online service)
|
| 758 |
|
|
|i has work:
|a Modification of polymer properties (Text)
|1 https://id.oclc.org/worldcat/entity/E39PCGqMv3gQQPQ999DXRbVcT3
|4 https://id.oclc.org/worldcat/ontology/hasWork
|
| 830 |
|
0 |
|a PDL handbook series.
|
| 856 |
4 |
0 |
|u http://proxy.library.tamu.edu/login?url=https://www.sciencedirect.com/science/book/9780323443531
|z Connect to the full text of this electronic book
|t 0
|
| 955 |
|
|
|a Elsevier ScienceDirect 2026-2027
|
| 955 |
|
|
|a Knovel ebooks
|
| 994 |
|
|
|a 92
|b TXA
|
| 999 |
f |
f |
|s ab66b4b2-0c6f-4481-830c-9978bc3de031
|i 5d8ea426-2af3-4597-a3ca-c8d606b444e5
|t 0
|
| 952 |
f |
f |
|a Texas A&M University
|b College Station
|c Electronic Resources
|s www_evans
|d Available Online
|t 0
|e TA455.P58
|h Library of Congress classification
|
| 998 |
f |
f |
|a TA455.P58
|t 0
|l Available Online
|